000 00896 a2200265 4500
003 OSt
005 20180116192330.0
008 120517t xxu||||| |||| 00| 0 eng d
010 _a 99945164
020 _a8170173817
035 _a(DLC) 99945164
040 _c0
082 _a720.954
100 1 _aParihar, Subhash,
_91577
245 1 0 _aSome aspects of Indo-Islamic architecture /
_cSubhash Parihar.
246 3 0 _aIndo-Islamic architecture
260 _aNew Delhi :
_bAbhinav Publications,
_c1999.
300 _a191 p., [72] p. of plates :
_bill., map ;
_c29 cm.
500 _aIncludes bibliographycal references & indexe
650 0 _aArchitecture, Mogul
_zIndia
_zPunjab.
_91578
650 0 _aArchitecture, Mogul
_91579
650 0 _aIslamic art and architecture
_91580
942 _aSADA
_cBK
_k720.954 PAR 1999
_2ddc
999 _c352307
_d352307